| 000 | 01061nam a22002297a 4500 | ||
|---|---|---|---|
| 005 | 20240530110339.0 | ||
| 008 | 141027s2010 ua bo gr 001 0dara d | ||
| 020 | _a9789953823171 | ||
| 040 | _aEG-CaGPL | ||
| 082 | 4 | 0 |
_221 _a953.4\ _bم ق |
| 100 | 0 | _aمنى سالم سعيد جعبوب | |
| 245 | 1 | 0 |
_aقيادة المجتمع نحو التغيير : _bالتجربة التربوية لثورة ظفار (1969 - 1992 ) / _cمنى سالم سعيد جعبوب |
| 250 | _aط1 | ||
| 260 |
_aبيروت : _bمركز دراسات الوحدة العربية ، _c2010 |
||
| 300 |
_a368 ص : _bصور ، خرائط ؛ _c24 سم |
||
| 650 | 4 | 0 |
_aثورة ظفار _zعمان ، سلطنة |
| 650 | 4 | 0 |
_aثورة ظفار _zعمان ، سلطنة _xتاريخ اجتماعى |
| 650 | 4 | 0 |
_aثورة ظفار _zعمان ، سلطنة _xالتنمية التربوية |
| 650 | 4 | 0 |
_aثورة ظفار _zعمان ، سلطنة _xالتنمية الاجتماعية |
| 942 |
_2ddc _cBK |
||
| 999 |
_c59840 _d59840 |
||